Les françaises à Roland-Garros (2010-....) - Statistiques

Statistiques générales
  • Ce quiz a été pris 74 fois
    21 depuis la dernière actualisation
  • Le résultat moyen est 8 sur 37
Statistiques - réponses
Nb de participations Tennisman Meilleur tour Dernier(s) adversaire(s) à ce tour % Correct
15 Caroline Garcia Quart de finale Karolina Pliskova
95%
15 Alizé Cornet Huitième de finale Elina Svitolina/Caroline Garcia
80%
1 Loïs Boisson Demi-finale Coco Gauff
80%
15 Kristina Mladenovic Quart de finale Timea Bacsinszky
75%
4 Marion Bartoli Demi-finale Francesca Schiavone
75%
5 Elsa Jacquemot Troisième tour Loïs Boisson
65%
6 Varvara Gracheva Huitième de finale Mirra Andreeva
55%
8 Océane Dodin Deuxième tour Svetlana Kuznetsova/Ons Jabeur
45%
10 Fiona Ferro Huitième de finale Sofia Kenin
35%
4 Aravane Rezai Troisième tour Nadia Petrova
30%
7 Diane Parry Troisième tour Sloane Stephens
30%
4 Léolia Jeanjean Troisième tour Irina-Camelia Begu
30%
8 Chloé Paquet Troisième tour Markéta Vondrousova
20%
5 Clara Burel Troisième tour Zhang Shuai
15%
11 Pauline Parmentier Huitième de finale Garbine Muguruza
15%
1 Sarah Rakotomanga Premier tour Leyre Romero Gomez
15%
7 Virginie Razzano Troisième tour Ana Ivanovic
15%
4 Alizé Lim Premier tour S. Williams/Milu/Giorgi/Linette
10%
4 Harmony Tan Deuxième tour Markéta Vondrousova
10%
4 Jessika Ponchet Premier tour Safarova/Bencic/Podoroska/Fernandez
5%
2 Olivia Sanchez Deuxième tour Marion Bartoli
5%
5 Amandine Hesse Deuxième tour Samantha Stosur
0%
1 Audrey Albié Premier tour Zarina Diyas
0%
2 Carole Monnet Premier tour Karolina Muchova/Katie Boulter
0%
4 Claire Feuerstein Deuxième tour Nina Bratchikova/Daniela Hantuchova
0%
2 Irena Pavlovic Deuxième tour Anabel Medina
0%
1 Iryna Kuryanovich Deuxième tour Roberta Vinci
0%
1 Julie Coin Premier tour Kateryna Bondarenko
0%
1 Manon Arcangioli Premier tour Irina Falconi
0%
6 Mathilde Johansson Troisième tour Sloane Stephens
0%
3 Myrtille Georges Deuxième tour Garbine Muguruza
0%
1 Océane Babel Premier tour Elina Svitolina
0%
2 Selena Janicijevic Premier tour Iga Swiatek/Océane Dodin
0%
1 Stéphanie Cohen-Aloro Premier tour Li Na
0%
4 Stéphanie Foretz Deuxième tour Li Na
0%
3 Tessah Andrianjafitrimo Premier tour Qiang/Abanda/Ka. Pliskova
0%
1 Victoria Larrère Premier tour Maria Kirilenko
0%
Aucun quiz correspondant
Distribution des résultats
% des personnes avec chaque résultat
Percentile par nombre de réponses
Votre historique - résultats
Vous n’avez pas pris ce quiz depuis la dernière actualisation